00000000nas 2200000zi 4500
0019.949171
003CaOODSP
00520250820085435
006m     o  d f      
007cr |||||||||||
008250317c20259999oncar p o    f0   a0eng|d
022 |a2819-148X
040 |aCaOODSP|beng|erda|cCaOODSP
043 |an-cn---
0861 |aA115-25E-PDF
1102 |aAgriMarketing Program (Canada)|eauthor, |eissuing body.
222 0|aApplicant guide |b(AgriMarketing Program (Canada))
24510|aApplicant guide / |cAgriMarketing Program.
2463 |aAgriMarketing Program applicant guide
264 1|a[Ottawa] : |bAgriculture and Agri-Food Canada, |c[2025]-
310 |aAnnual
336 |atext|btxt|2rdacontent
337 |acomputer|bc|2rdamedia
338 |aonline resource|bcr|2rdacarrier
3621 |aBegan with: 2025.
500 |aIssued also in French under title: Programme Agri-marketing, guide du demandeur ...
61020|aAgriMarketing Program (Canada) |vPeriodicals.
650 0|aAgricultural subsidies|zCanada|vPeriodicals.
655 7|aPeriodicals|2lcgft
7101 |aCanada. |bAgriculture and Agri-Food Canada, |eissuing body.
77508|tGuide du demandeur / |w(CaOODSP)9.949170